00882nam a2200241 a 4500001000900000005001700009008004100026041000800067044000700075050002100082100003300103245006000136260003300196300002900229440010700258500004200365651004300407651005300450902000800503942001100511999001300522952010500535BRCA_91820190320203215.0140408s1910----fr-aecaf##---#000-i#fre-# afre afr 4aDC183b.L46 19101 aLenotre, G.d1855-19359303810aLe Tribunal Révolutionnaireb(1793-1795)cG. Lenotre. aParísbPerrin et Ciec1910 aiii, 370 p.bil.c19 cm. 0aMémoires et Souvenirs sur la Révolution et L´EmpirepPubliés avec des documents inédits93039 aColección Sonia Corcuera de Mancera 4aFranciaxTribunal revolucionario93040 4aFranciaxHistoriayRevolución, 1789-179993041 aDSC 2lcccB c809d809 00104070aBRCAbBRCAd2008-06-26l0oDC183 .L46 1910pDSC00002r2019-03-22 00:00:00w2019-03-22yB